Leader xxxxxxxxxx
001 __ PCLIS00040224
005 __ 20211129203834.0
010 0_ |a978-986-6571-25-1|b平裝|dNT$250
100 __ |a20081128d2008 m y0chiy09 e
101 0_ |achi
102 __ |atw
105 __ |ay z 000zy
200 1_ |a三國演義|f文心工作室編著|g季旭昇總策劃
205 __ |a初版
210 __ |a臺北市|c商周出版|c家庭傳媒城邦分公司發行|d2008[民97]
215 0_ |a267面|d23公分
225 2_ |a中文經典100句|i古典小說|v3
225 1_ |a古典小說|v參
410 _0 |12001 |a中文經典100句|i古典小說|v3
461 _1 |12001 |a中文經典100句
517 1_ |a中文經典一○○句|zchi
606 __ |2csh|a三國演義
606 __ |2csh|a研究考訂
606 __ |2csh|a格言
681 __ |a857.4523|b8624
681 __ |a857.49|b8624
702 _1 |a季|b旭昇|4總策劃
710 _0 |a文心工作室|4編著
801 _0 |atw|b內湖高中|c20081128|gCCR
801 _2 |atw|b內湖高中|c20211129|gCCR
|